Kapitálové prepojenia Nemeckej spolkovej republiky so zahraničím

Štatistické údaje o priamych investíciách SRN do členských krajín ES (priemysel, obchod) a ostatných krajín a o zahraničných investíciách v SRN (1991).

Guardado en:
Detalles Bibliográficos
Autor principal: Hričovský, M.
Formato: Capítulo de libro
Lenguaje:eslovaco
Materias:
Etiquetas: Agregar Etiqueta
Sin Etiquetas, Sea el primero en etiquetar este registro!

MARC

LEADER 00000naa a2200000 4500
001 r014268
005 20221213123410.8
041 0 |a slo 
044 |a SK 
245 1 0 |a Kapitálové prepojenia Nemeckej spolkovej republiky so zahraničím  |c M. Hričovský 
520 |a Štatistické údaje o priamych investíciách SRN do členských krajín ES (priemysel, obchod) a ostatných krajín a o zahraničných investíciách v SRN (1991). 
610 2 0 |a investície zahraničné 
610 2 0 |a investície zo zahraničia 
610 2 0 |a investície v zahraničí 
610 2 0 |a Nemecko 
610 2 0 |a údaje štatistické 
610 2 0 |a 1991 
100 1 |a Hričovský, M.